LEADER 03817 am 2200853 n 450 001 9910495781103321 005 20200127 010 $a2-84832-419-8 024 7 $a10.4000/books.apu.11068 035 $a(CKB)4100000011586175 035 $a(FrMaCLE)OB-apu-11068 035 $a(oapen)https://directory.doabooks.org/handle/20.500.12854/87163 035 $a(PPN)25107238X 035 $a(EXLCZ)994100000011586175 100 $a20201120j|||||||| ||| 0 101 0 $afre 135 $auu||||||m|||| 181 $ctxt$2rdacontent 182 $cc$2rdamedia 183 $acr$2rdacarrier 200 10$aDéfier la décence $eCrise du sens et nouveaux visages du scandale dans l?art /$fLeszek Brogowski, Joseph Delaplace, Joël Laurent 210 $aArras $cArtois Presses Université$d2020 215 $a1 online resource (264 p.) 225 1 $aÉtudes littéraires 311 $a2-84832-226-8 330 $aLes scandales de l?art moderne prouvaient que celui-ci alimentait secrètement le registre du sens, lié à la symbolisation de l?ordre social. Mais aujourd?hui, la société a définitivement abandonné l?idée de l?art comme langage universel, et, pour ne plus craindre les troubles causés par des ?uvres ou des artistes, elle a confié à l?industrie culturelle le soin de mettre la main sur les symboles et d?en distiller cyniquement les bouleversements. Le présent ouvrage tâche de relever le défi de repenser le scandale dans ce nouveau contexte. La crédibilité de la presse à porter les expressions spontanées des sentiments populaires étant définitivement compromise, le scandale semble se réfugier dans des formes moins spectaculaires et plus attentives au travail du sens, et à ses crises latentes. Défier la décence propose l?étude de diverses situations contribuant notamment aux mouvements actuels de l?art (?uvres, spectacles, concerts, mais aussi manifestes, modes de vie et de comportements, controverses juridiques, inspirations scientifiques, etc.), comme catalyseurs ou révélateurs des crises, indissociablement artistiques et politiques, parfois sans le moindre écho dans les mass-media. 606 $aArt 606 $aart 606 $amorale 606 $aobscénité dans l?art 606 $ascandale artistique 606 $aordre social 606 $aindustrie culturelle 606 $amédia 610 $aart 610 $amorale 610 $aobscénité dans l?art 610 $ascandale artistique 610 $aordre social 610 $aindustrie culturelle 610 $amédia 615 4$aArt 615 4$aart 615 4$amorale 615 4$aobscénité dans l?art 615 4$ascandale artistique 615 4$aordre social 615 4$aindustrie culturelle 615 4$amédia 700 $aBorrel$b Pascale$01293033 701 $aBraun$b Pierre$0741004 701 $aBrogowski$b Leszek$01293034 701 $aCauchy$b Séverine$01293035 701 $aDaniellou$b Simon$01290608 701 $aDelaplace$b Joseph$01293036 701 $aDufeu$b Frédéric$01293037 701 $aDupeyrat$b Jérôme$01293038 701 $aÉlisabeth$b Bruno$01293039 701 $aFerret$b Sandrine$01293040 701 $aHénaff$b Gaël$01293041 701 $aLaurent$b Joël$01293042 701 $aLouvel$b Romain$01293043 701 $aNaessens$b Ophélie$01293044 701 $aPage$b Christiane$01293045 701 $aRabin$b Julien$01293046 701 $aTrichet$b Yohan$01293047 701 $aBrogowski$b Leszek$01293034 701 $aDelaplace$b Joseph$01293036 701 $aLaurent$b Joël$01293042 801 0$bFR-FrMaCLE 906 $aBOOK 912 $a9910495781103321 996 $aDéfier la décence$93022499 997 $aUNINA LEADER 02522oam 2200553 c 450 001 9910563018703321 005 20240525094506.0 024 7 $a10.3726/b14094 035 $a(CKB)5450000000174185 035 $a(oapen)https://directory.doabooks.org/handle/20.500.12854/32685 035 $a(PH02)9783631755921 035 $a(oapen)doab32685 035 $a(EXLCZ)995450000000174185 100 $a20240525h20181989 uy 0 101 0 $ager 135 $aurnnunnnannuu 181 $ctxt$2rdacontent 182 $cc$2rdamedia 183 $acr$2rdacarrier 200 00$aPreis- und Mengeneffekte im Gesundheitswesen$eEine Ausgabenanalyse von GKV-Behandlungsarten$fEberhard Wille, Volker Ulrich 205 $a1st, New ed. 210 $aFrankfurt a.M$cPH02$d2018 210 $d2018, c1989 215 $a1 online resource (282 p.)$c, EPDF 225 0 $aAllokation im marktwirtschaftlichen System$v28 300 $aPeter Lang GmbH, Internationaler Verlag der Wissenschaften 311 08$a3-631-75592-9 327 $aAus dem Inhalt: U.a. Die Ausgaben unter dem Aspekt der Leistungserstellung im Gesundheitswesen - Ansa?tze zur Deflationierung von Behandlungsausgaben - Analyse der Behandlungsarten mit Hilfe der Hauptkomponentenmethode. 330 $aSeit dem rapiden Wachstum der Ausgaben fu?r Gesundheit zu Beginn der 70er Jahre steht die Analyse der nominalen Ausgaben im Mittelpunkt des wissenschaftlichen und politischen Interesses. Durch die Ermittlung aussagefa?higer Preiszeitreihen fu?r spezifische Behandlungsleistungen der Gesetzlichen Krankenversicherung versucht die Arbeit aufzuzeigen, wie sich die zugrundeliegenden Preise und Mengen entwickelt haben. Darauf aufbauend wird die These vom Preisstruktureffekt zuungunsten von Gesundheitsleistungen u?berpru?ft. Ein Strukturvergleich zwischen Gesetzlicher und Privater Krankenversicherung schließt sich an. 606 $aHealth economics$2bicssc 606 $aMedical sociology$2bicssc 610 $aAusgabenanalyse 610 $aBehandlungsarten 610 $aEine 610 $aGesundheitswesen 610 $aMengeneffekte 610 $aPreis 610 $aUlrich 615 7$aHealth economics 615 7$aMedical sociology 700 $aUlrich$b Volker$4auth$01312887 702 $aWille$b Eberhard$4edt 702 $aUlrich$b Volker$4aut 801 0$bPH02 801 1$bPH02 906 $aBOOK 912 $a9910563018703321 996 $aPreis- und Mengeneffekte im Gesundheitswesen$93031075 997 $aUNINA LEADER 02991nam 2200805 a 450 001 9910970764403321 005 20250924110510.0 010 $a9783110252903 010 $a3110252902 024 7 $a10.1515/9783110252903 035 $a(CKB)2560000000079402 035 $a(EBL)835448 035 $a(OCoLC)772845190 035 $a(SSID)ssj0000589623 035 $a(PPN)158193954 035 $a(PQKBManifestationID)12206291 035 $a(PQKBTitleCode)TC0000589623 035 $a(PQKBWorkID)10657341 035 $a(PQKB)11448241 035 $a(MiAaPQ)EBC835448 035 $a(DE-B1597)123361 035 $a(OCoLC)1002274413 035 $a(OCoLC)979600507 035 $a(OCoLC)984658389 035 $a(OCoLC)987954475 035 $a(OCoLC)992508276 035 $a(OCoLC)999378115 035 $a(DE-B1597)9783110252903 035 $a(Au-PeEL)EBL835448 035 $a(CaPaEBR)ebr10527873 035 $a(CaONFJC)MIL628112 035 $a(Perlego)652298 035 $a(iGPub)CSPLUS0033305 035 $a(EXLCZ)992560000000079402 100 $a20110824d2012 uy 0 101 0 $aeng 135 $aur|n|---||||| 181 $ctxt 182 $cc 183 $acr 200 00$aCurrent methods in historical semantics /$fedited by Kathryn Allan, Justyna A. Robinson 205 $a1st ed. 210 $aBerlin $cDe Gruyter Mouton$dc2012 215 $a1 online resource (356 p.) 225 1 $aTopics in English linguistics,$x1434-3452 ;$v73 300 $aDescription based upon print version of record. 311 08$a9781306968614 311 08$a1306968615 311 08$a9783110252880 311 08$a3110252880 320 $aIncludes bibliographical references and indexes. 327 $asection 1. Data and sources -- section 2. Corpus-based methods -- section 3. Theoretical approaches. 330 $aInnovative, data-driven methods provide more rigorous and systematic evidence for the description and explanation of diachronic semantic processes. The volume systematises, reviews, and promotes a range of empirical research techniques and theoretical perspectives that currently inform work across the discipline of historical semantics. In addition to emphasising the use of new technology, the potential of current theoretical models (e.g. within variationist, sociolinguistic or cognitive frameworks) is explored along the way. 410 0$aTopics in English linguistics ;$v73. 606 $aSemantics, Historical 606 $aEnglish language$xSemantics, Historical 615 0$aSemantics, Historical. 615 0$aEnglish language$xSemantics, Historical. 676 $a417/.7 676 $a417.7 686 $aET 410$2rvk 701 $aAllan$b Kathryn$0698532 701 $aRobinson$b Justyna A$01848733 801 0$bMiAaPQ 801 1$bMiAaPQ 801 2$bMiAaPQ 906 $aBOOK 912 $a9910970764403321 996 $aCurrent methods in historical semantics$94436049 997 $aUNINA